000 00792nam a22002417a 4500
999 _c15579
_d15579
003 MIRAKIL
005 20240307140349.0
008 240307b tu ||||| |||| 00| 0 tur d
020 _a9786057230805
040 _aTR-AnCHP
_cTR-AnCHP
041 _atur
082 _a324.256103
_bÇ62p 2023
090 _a324.256103 Ç62p 2023
100 _aÇiftçioğlu, Erdoğan
_q(Dr.)
245 1 0 _aPerformatif siyaset ve Erdoğan /
_cDr. Erdoğan Çiftçioğlu.
250 _a1 bs.
260 _aİstanbul:
_bİstisnai kitaplar,
_c2023.
300 _a319 s. :
_brenk. fotogr. ,
_c21 cm.
600 1 4 _94737
_aErdoğan, Recep Tayyip
_d1954-
650 0 _954
_aAKP
_xSiyaset ve yönetim
856 _zDijital Nüshası için Partimizin Kütüphane Sorumlusu ile iletişime geçiniz.
942 _2ddc
_cBKS